[Event "EYCC Open U14 2018"]
[Site "Riga"]
[Date "2018.08.28"]
[Round "8"]
[White "Suleymanli, Aydin Elshan"]
[Black "Kacharava, Nikolozi"]
[Result "1/2-1/2"]
[WhiteElo "2323"]
[BlackElo "2361"]
[Annotator "TA"]
[PlyCount "98"]
[EventDate "2018.08.20"]
[EventType "swiss"]
[EventCountry "LAT"]
[SourceTitle "playchess.com"]
[Source "ChessBase"]
[SourceQuality "1"]

{[%evp 21,98,0,-9,-35,-21,-41,0,-14,-22,-44,-34,-26,-16,-20,12,0,0,-6,29,31,25,29,38,31,20,0,10,12,13,-35,0,-36,0,-18,25,24,26,0,16,6,14,0,0,0,0,0,0,0,0,0,0,0,19,19,32,17,17,17,20,21,25,10,16,0,0,0,0,0,0,0,10,0,0,0,0,0,0,0,0]} 1. Nf3 Nf6 2. b3 g6 3. g3 Bg7 4. Bb2 O-O 5. Bg2 d6 {[%cal Bd7d6,Bd6d5][%mdl 32]} 6. d4 c5 7. O-O cxd4 {A49: 1 d4 Nf6 2 Nf3 g6 3 g3: Anti-King's Indian systems} (7... Nc6 8. d5 Na5 9. Re1 b5 10. e4 Bg4 11. Nbd2 c4 12. h3 Bxf3 13. Nxf3 Rc8 14. Bd4 Qc7 15. b4 Nb7 16. a4 {½-½ (79) Andreikin,D (2712)-Mamedov,R (2709) Huaian 2017}) 8. Bxd4 Nc6 9. Bb2 d5 10. Ne5 Qc7 11. Nxc6 bxc6 {LiveBook: 3 Games} 12. Nd2 e5 13. c4 $146 ({Predecessor:} 13. e4 Bb7 14. c4 d4 15. c5 Ba6 16. Re1 Nd7 17. b4 {½-½ (44) Schweber,S (2405)-Bronstein,L (2400) Buenos Aires 1986}) 13... Bb7 14. cxd5 cxd5 15. Qc1 Qb8 16. Qc5 Re8 17. Rac1 e4 18. Bh3 Qd8 19. e3 Ba6 20. Rfd1 Be2 21. Re1 Bd3 22. Bd4 h5 23. Rc3 Nh7 24. Bxg7 Kxg7 25. Bf1 Bxf1 26. Rxf1 Ng5 27. Qd4+ Qf6 28. Qxf6+ Kxf6 29. f3 {And now fxe4+ would win.} Kg7 30. fxe4 dxe4 31. Rc7 Rec8 32. Rb7 Rcb8 33. Rc7 Rc8 34. Rb7 Rd8 35. h4 Rxd2 36. hxg5 $11 {[%mdl 4096] Endgame KRR-KRR} Rf8 37. Rxa7 Re2 38. Rf4 Rxe3 39. Kf2 Rc3 40. Rxe4 Rc2+ 41. Re2 Rc5 {The position is equal.} 42. Ra4 Rxg5 43. Rf4 Rd5 44. a4 g5 45. Rfe4 f5 46. Re7+ Kg6 47. R7e6+ Kg7 48. Re7+ Kg6 49. R7e6+ Kg7 {Precision: White = 31%, Black = 65%.} 1/2-1/2

[Event "EYCC Open U14 2018"]
[Site "Riga"]
[Date "2018.08.28"]
[Round "8"]
[White "Ognean, Mihnea Ionut"]
[Black "Tsoi, Dmitry"]
[Result "1/2-1/2"]
[WhiteElo "2293"]
[BlackElo "2393"]
[Annotator "TA"]
[PlyCount "81"]
[EventDate "2018.08.20"]
[EventType "swiss"]
[EventCountry "LAT"]
[SourceTitle "playchess.com"]
[Source "ChessBase"]
[SourceQuality "1"]

{[%evp 21,81,44,57,11,23,39,24,0,126,94,126,124,135,140,127,141,128,128,133,89,95,97,215,213,253,117,121,54,60,49,55,38,49,29,35,14,8,17,15,0,0,0,60,1,0,0,0,0,0,0,0,0,0,0,0,0,0,0,0,0,0,0]} 1. e4 e5 2. Nf3 d6 3. d4 exd4 4. Nxd4 Nf6 5. Nc3 Be7 6. Bf4 O-O 7. Qd2 Nc6 8. O-O-O Nxd4 9. Qxd4 Be6 10. f3 a6 11. g4 {C41: Philidor Defence} b5 {LiveBook: 21 Games} 12. Nd5 (12. Qf2 b4 13. Nd5 Nxd5 14. exd5 Bd7 15. h4 a5 16. Bd3 c5 17. dxc6 Bxc6 18. g5 a4 {½-½ (43) Maze,S (2582)-Demuth,A (2537) Sitges 2015}) 12... Bxd5 13. exd5 {White has an edge.} Nd7 14. h4 Bf6 (14... Bxh4 $11 {keeps the balance.} 15. Bd3 h6) 15. Qf2 $146 ({Predecessor:} 15. Qd2 Nb6 16. g5 Be5 17. Be3 {½-½ (51) Hammoudi,A (2174)-Aram,A (2127) Damascus 2018}) 15... Nb6 16. Kb1 Be5 17. Bc1 f5 {Strongly threatening ...fxg4.} 18. f4 fxg4 {And now ...Qf6 would win.} 19. Qg3 Bf6 20. h5 Kh8 21. Qxg4 Na4 (21... h6 $16 {might work better.}) 22. Bd3 $18 {Threatening mate with Qf5.} Nc5 {[#]} 23. Bg6 $1 {[%mdl 512]} Qd7 $16 (23... hxg6 24. hxg6+) 24. Qg3 (24. Bf5 $16 Qd8 25. Be6) 24... h6 $14 25. Qh3 (25. Be3 {seems wilder.} b4 26. Rhe1 Rab8 27. Bxc5 dxc5 28. Re6) 25... b4 26. Qxd7 Nxd7 27. Rh3 a5 28. a3 bxa3 29. Rxa3 Nb6 30. c3 a4 31. Bd3 Rfb8 ({Better is} 31... Nxd5 $11 32. Be4 c6) 32. Kc2 (32. Bb5 $14) 32... Ra5 $11 {The position is equal.} 33. c4 Nd7 34. Re1 Nc5 35. Bg6 Raa8 36. Rae3 Nb3 37. Re8+ Rxe8 38. Rxe8+ Rxe8 39. Bxe8 Nxc1 40. Kxc1 Bd4 41. Kc2 {Precision: White = 31%, Black = 74%.} 1/2-1/2

[Event "EYCC Open U14 2018"]
[Site "Riga"]
[Date "2018.08.28"]
[Round "8"]
[White "Bethke, Richard"]
[Black "Kirillov, Dmitry"]
[Result "0-1"]
[WhiteElo "2240"]
[BlackElo "2209"]
[Annotator "NA RC"]
[PlyCount "74"]
[EventDate "2018.08.20"]
[EventType "swiss"]
[EventCountry "LAT"]
[SourceTitle "playchess.com"]
[Source "ChessBase"]
[SourceQuality "1"]
[TimeControl "40/5400+30:1800+30"]

1. e4 {[%emt 0:00:00]} c5 {[%emt 0:00:00]} 2. Nf3 {[%emt 0:00:00]} e6 {[%emt 0:00:00]} 3. d4 {[%emt 0:00:00]} cxd4 {[%emt 0:00:00]} 4. Nxd4 {[%emt 0:00:00]} Nf6 {[%emt 0:00:00]} 5. Nc3 {[%emt 0:00:01]} d6 {[%emt 0:00:00]} 6. g4 {[%emt 0:00:07]} Nc6 {[%emt 0:00:00]} 7. Rg1 {[%emt 0:00:17] B81: Sicilian Scheveningen: Keres Attack} (7. g5 Nd7 8. Be3 a6 9. h4 Be7 10. Qd2 O-O 11. O-O-O Nxd4 12. Qxd4 b5 13. f4 Rb8 14. h5 b4 15. Ne2 e5 16. Qd2 exf4 17. Bxf4 Qa5 18. Kb1 Nc5 19. Bg2 Bg4 20. h6 g6 21. Qd4 Ne6 22. Qa7 Bxe2 23. Qxe7 Nxf4 24. Rxd6 Bc4 25. Qf6 Qxa2+ 26. Kc1 Qa1+ 27. Kd2 Nh5 28. Rxh5 {1-0 (28) Smeets,J (2647)-Van Wely,L (2675) playchess.com INT 2011}) 7... a6 {[%emt 0:00:23] LiveBook: 5 Games} 8. Be3 {[%emt 0:00:57]} Qc7 {[%emt 0:00:23]} 9. g5 {[%emt 0:01:21]} Nd7 {[%emt 0:00:12]} 10. Qe2 {[%emt 0:04:07]} b5 {[%emt 0:00:32]} 11. O-O-O {[%emt 0:05:30]} Bb7 {[%emt 0:00:24]} 12. Nxc6 $146 {[%emt 0:01:56]} ({Predecessor:} 12. h4 Nce5 13. Kb1 Nc5 14. f4 Nc4 15. Ndxb5 axb5 16. Nxb5 Qa5 17. Qxc4 {1-0 (24) Draganic,V (2294)-Milovic,A (2141) Sozina 2004}) 12... Bxc6 {[%emt 0:01:29]} 13. a3 {[%emt 0:03:10]} Rc8 {[%emt 0:02:21]} 14. f4 {[%emt 0:02:25]} a5 {[%emt 0:01:14]} 15. Nd5 {[%emt 0:01:59]} Qb7 {[%emt 0:06:54]} 16. Bd4 {[%emt 0:06:10]} b4 {[%emt 0:05:04]} 17. axb4 {[%emt 0:00:17]} axb4 {[%emt 0:00:18]} 18. b3 {[%emt 0:02:53]} Kd8 {[%emt 0:19:52]} 19. Ne3 {[%emt 0:07:13]} Bxe4 {[%emt 0:03:15]} 20. Qb5 {[%emt 0:04:16]} (20. Bg2 $11) 20... Qxb5 {[%emt 0:11:11]} 21. Bxb5 {[%emt 0:00:06]} d5 {[%emt 0:00:15]} 22. Kb2 {[%emt 0:02:07]} Bd6 {[%emt 0:12:23]} 23. Bxg7 {[%emt 0:03:59]} Rg8 {[%emt 0:02:23]} 24. Bxd7 {[%emt 0:02:04]} Kxd7 {[%emt 0:00:56]} 25. Be5 {[%emt 0:00:53]} Bxe5+ {[%emt 0:01:52]} 26. fxe5 {[%emt 0:00:08]} Rc3 {[%emt 0:00:17]} 27. Rg3 {[%emt 0:01:25] [#]} h6 $1 {[%emt 0:02:16]} 28. h4 {[%emt 0:03:40]} hxg5 {[%emt 0:02:31]} 29. Rd2 $2 {[%emt 0:08:59]} (29. hxg5 Kc6 30. Rd4) 29... Kc6 {[%emt 0:01:33]} 30. hxg5 {[%emt 0:02:28]} Rh8 {[%emt 0:02:34]} 31. Rf2 {[%emt 0:06:02]} Rh1 {[%emt 0:02:41]} 32. Ka2 {[%emt 0:07:04]} Kb5 $2 {[%emt 0:02:04]} 33. Re2 $1 {[%emt 0:01:06]} Kc5 {[%emt 0:08:05]} (33... Rc8 $142 34. Kb2 Rc3) 34. Rf2 {[%emt 0:03:22]} Kb5 {[%emt 0:02:04]} ({Better is} 34... d4 $19 35. Nf1 Bxc2) 35. Re2 {[%emt 0:01:06]} Ka6 $19 {[%emt 0:00:50]} 36. Rf2 {[%emt 0:08:23]} d4 {[%emt 0:00:41]} 37. Rf4 {[%emt 0:02:13]} dxe3 {[%emt 0:00:39]} 0-1

[Event "EYCC Open U14 2018"]
[Site "Riga"]
[Date "2018.08.28"]
[Round "8"]
[White "Tadic, Stefan"]
[Black "Tsaruk, Maksim"]
[Result "1/2-1/2"]
[WhiteElo "2240"]
[BlackElo "2192"]
[Annotator "TA"]
[PlyCount "152"]
[EventDate "2018.08.20"]
[EventType "swiss"]
[EventCountry "LAT"]
[SourceTitle "playchess.com"]
[Source "ChessBase"]
[SourceQuality "1"]

{[%evp 12,151,0,0,0,0,0,0,0,-72,4,0,0,0,0,-3,19,18,35,47,43,32,71,16,15,12,22,23,22,16,23,27,30,0,0,0,0,0,0,0,0,0,0,0,0,0,-10,-562,-550,-550,-454,-488,-472,-470,-425,-12830,-12831,-12829,-12829,-12827,-12827,-12826,-12827,-12829,-12828,-12829,-12829,-12829,-12828,-915,0,-12828,-12827,-5391,0,0,0,0,0,0,0,0,0,0,0,0,0,0,0,0,0,0,0,0,0,0,0,0,0,0,0,0,0,0,0,0,0,0,0,0,0,0,0,0,0,0,0,0,0,0,0,0,0,0,0,0,0,0,0,0,0,0,0,0,0,0,0,0,0,0,0,0]} 1. e4 e5 2. Nf3 Nc6 3. d4 exd4 4. Nxd4 Nf6 5. Nxc6 bxc6 6. Qe2 {C45: Scotch Game} (6. Bd3 d5 7. e5 Ng4 8. O-O Bc5 9. Bf4 g5 10. Bd2 O-O 11. Nc3 Nxe5 12. Qh5 Nxd3 13. cxd3 f6 14. Rac1 Bf5 15. Rfe1 Bxd3 16. Qh3 Bg6 17. Qe6+ {½-½ (57) Vachier Lagrave,M (2789)-Anand,V (2759) Paris 2018}) 6... Qe7 7. Nc3 {LiveBook: 28 Games} Rb8 8. e5 $146 ({Predecessor:} 8. Qe3 Qc5 9. Qxc5 Bxc5 10. Bd3 O-O 11. Bf4 d6 12. Na4 Bd4 13. c3 Nh5 {½-½ (38) Deepan Chakkravarthy,J (2477)-Sunilduth Lyna,N (2568) Patna 2017}) 8... Nd5 9. Nxd5 cxd5 10. g3 (10. b3 $11) 10... d6 (10... Qe6 $17) 11. exd6 Qxe2+ 12. Bxe2 Bxd6 13. O-O Be5 14. Bf3 Be6 15. Re1 f6 16. Bf4 (16. Bxd5 {is more complex.} Bxd5 17. f4 Kf7 18. fxe5 Rhe8 19. b3) 16... O-O 17. Bxe5 (17. Rab1 $16) 17... fxe5 $11 18. Rxe5 Rxf3 19. Rxe6 Rxb2 $16 {[%mdl 4096] Endgame KRR-KRR} 20. Rc6 d4 21. Rxc7 Rc3 22. Rxa7 Rcxc2 23. Rd1 Rxf2 {White must now prevent ...Rg2+.} 24. Rxd4 {Threatens to win with Rd8+.} Rg2+ 25. Kf1 {[%cal Rd4d8] [#]} Rgf2+ 26. Ke1 h5 27. Rb4 Rbe2+ 28. Kd1 Rd2+ 29. Ke1 $2 {[%mdl 8192] [#]} (29. Kc1 $11 {and White stays safe.}) 29... Rfe2+ $1 $19 30. Kf1 Rxh2 {[%cal Rh2h1]} 31. Kg1 Rdg2+ 32. Kf1 Rxg3 33. Raa4 (33. Rc4 $142 h4 34. Raa4) 33... Rc3 {[%cal Rc3c1]} 34. Kg1 Rd2 {[%cal Rc3c1]} 35. Rb1 Rcc2 36. a3 Rg2+ 37. Kh1 Rh2+ 38. Kg1 Rcg2+ 39. Kf1 Rf2+ 40. Kg1 Rfg2+ (40... Rhg2+ $142 41. Kh1 Rh2+ 42. Kg1 Rfg2+ 43. Kf1 Ra2) 41. Kf1 Ra2 {[%cal Rh2h1]} 42. Kg1 Rhb2 $2 (42... Rhg2+ $19 43. Kh1 Rge2) 43. Rxb2 $11 {The position is equal.} Rxb2 {KR-KR} 44. Ra5 $1 g6 {...Kg7 is the strong threat.} 45. Ra7 $1 h4 46. Ra4 h3 47. Rh4 Rb3 48. Kh2 Rxa3 (48... Rd3 {with more complications.} 49. Rxh3) 49. Rxh3 Ra5 (49... Ra4 {keeps more tension.} 50. Rg3 Kg7 51. Rc3 Rb4 52. Rg3 Rc4) 50. Rb3 Kg7 51. Kg3 Kf6 52. Rc3 Kg5 53. Rb3 Kh5 54. Rc3 Rg5+ 55. Kh3 (55. Kh2 {looks sharper.} Rg4 56. Ra3 Kg5 57. Ra5+ Kh6 58. Ra3) 55... Rb5 56. Kg3 Rb1 57. Ra3 Rg1+ 58. Kh2 Rg4 59. Kh3 Rf4 60. Kg3 Kg5 61. Ra5+ Rf5 62. Rxf5+ Kxf5 {KP-K} (62... gxf5 $5 63. Kf3 $8 Kh6 $11) 63. Kf3 Kg5 {And now ...Kh4 would win.} (63... g5 $5) 64. Kg3 Kh5 65. Kh3 g5 {[%cal Bg6g5,Bg5g4,Bg4g3,Bg3g2][%mdl 32]} 66. Kg3 g4 67. Kg2 Kg5 (67... Kh4 $5) 68. Kg3 Kf5 69. Kg2 Kf4 70. Kf2 g3+ 71. Kg2 Kg4 72. Kg1 Kg5 73. Kg2 Kf4 (73... Kg4 $5) 74. Kg1 Kf3 {( -> ...g2)} (74... Ke3 $5) 75. Kf1 g2+ 76. Kg1 Kg3 $2 {[%mdl 8192] Precision: White = 66%, Black = 78%.} (76... Ke3 77. Kxg2) 1/2-1/2

[Event "EYCC Open U14 2018"]
[Site "Riga"]
[Date "2018.08.28"]
[Round "8"]
[White "Czopor, Maciej"]
[Black "Unat, Can Haktan"]
[Result "1/2-1/2"]
[WhiteElo "2220"]
[BlackElo "2159"]
[Annotator "TA"]
[PlyCount "85"]
[EventDate "2018.08.20"]
[EventType "swiss"]
[EventCountry "LAT"]
[SourceTitle "playchess.com"]
[Source "ChessBase"]
[SourceQuality "1"]

{[%evp 33,85,67,68,1,61,78,77,60,62,62,85,99,90,83,97,95,90,83,101,85,96,97,104,107,111,82,117,20,106,109,107,82,104,43,47,0,8,0,0,0,0,0,0,0,0,0,0,0,0,0,0,0,0,0]} 1. e4 e5 2. Nf3 Nf6 3. Nxe5 d6 4. Nf3 Nxe4 5. d4 d5 6. Bd3 Bd6 7. O-O O-O 8. c4 c6 9. cxd5 cxd5 10. Nc3 Nxc3 11. bxc3 Bg4 12. Rb1 b6 13. Rb5 Bc7 14. h3 a6 {C42: Petroff Defence: 3 Nxe5 and unusual White 3rd moves} 15. Rxd5 (15. hxg4 axb5 16. Qc2 g6 17. Bxb5 Qd6 18. g3 Qe6 19. Kg2 Qxg4 20. Rh1 Rd8 21. Ng5 h5 22. Re1 h4 23. Be8 h3+ 24. Kh2 Qf5 25. Bxf7+ {1-0 (39) Ye,J (2616)-Nay,O (2595) Shanghai 2000}) 15... Qxd5 16. hxg4 Nc6 17. Ng5 h6 {LiveBook: 4 Games} 18. Bh7+ {[%mdl 1024] White has compensation.} Kh8 19. Be4 Qd6 {[%csl Gc7][%cal Rd6h2] [#]} 20. g3 Rae8 21. Qf3 {aiming for Bf4.} hxg5 22. Bxc6 Re6 23. Bd5 $146 Rf6 24. Qe4 Rg6 25. Kg2 {Strongly threatening Ba3!} Qf6 26. c4 Rh6 27. Ba3 Bd6 {[#]} 28. c5 $1 {[%cal Rc5d6]} bxc5 29. dxc5 Bc7 30. Rb1 ({White should try} 30. c6 $16 Bd6 31. Bxd6 Qxd6 32. Rc1) 30... Qe5 (30... Rd8 $11) 31. Qxe5 $16 Bxe5 32. c6 Rb8 33. Rxb8+ (33. Rb7 $16) 33... Bxb8 {[%mdl 4096] Endgame KRB-KB} 34. Bc5 {next Bb6 is good for White.} Bc7 $1 {The position is equal.} 35. Kf1 Kh7 36. Be7 f6 37. Be4+ Kg8 38. Bd5+ Kh7 39. Be4+ Kg8 40. Bd5+ Kh8 41. Kg2 Kh7 42. Be4+ Kg8 43. Bd5+ {Precision: White = 61%, Black = 74%.} 1/2-1/2

[Event "EYCC Open U14 2018"]
[Site "Riga"]
[Date "2018.08.28"]
[Round "8"]
[White "Pedoson, Georg Aleksander"]
[Black "Pogosyan, Stefan"]
[Result "0-1"]
[WhiteElo "2195"]
[BlackElo "2331"]
[Annotator "TA"]
[PlyCount "114"]
[EventDate "2018.08.20"]
[EventType "swiss"]
[EventCountry "LAT"]
[SourceTitle "playchess.com"]
[Source "ChessBase"]
[SourceQuality "1"]

{[%evp 17,114,0,0,-22,0,0,0,0,0,0,0,-13,0,-23,-30,-30,-30,-30,-25,-20,-23,-33,-34,-38,-39,-87,-86,-101,-107,-81,-67,-131,-134,-143,-130,-149,-161,-153,-136,-136,-135,-106,144,157,112,147,156,156,137,85,85,67,53,60,68,54,121,0,36,37,45,2,2,0,0,0,39,0,0,0,0,0,0,0,0,0,0,-56,-61,-48,-61,-42,-44,-83,-43,-43,-43,-209,-207,-12840,-12840,-12842,-12843,-12843,-12843,-12846,-12847,-12847,-12840]} 1. c4 c5 2. g3 Nc6 3. Bg2 g6 4. Nc3 Bg7 5. e4 d6 6. Nge2 e6 7. O-O Nge7 8. d3 O-O 9. Be3 Nd4 {LiveBook: 123 Games} 10. f4 {A36: Symmetrical English vs ...g6: 4 Bg2 Bg7} (10. Qd2 Rb8 11. Bh6 Bxh6 12. Qxh6 Nxe2+ 13. Nxe2 b5 14. b3 Nc6 15. f4 Nd4 16. Nxd4 cxd4 17. g4 f5 18. exf5 exf5 {½-½ (18) Miezis,N (2547)-Leko,P (2720) Porto Carras 2011}) 10... a6 11. Rb1 Nec6 12. a3 {The position is equal.} Rb8 13. b4 b6 14. Qd2 $146 ({Predecessor:} 14. h3 Bd7 15. Qd2 Nxe2+ 16. Nxe2 Nd4 17. Kh2 Bc6 18. Nxd4 cxd4 19. Bg1 e5 {0-1 (76) Haseloff,H (2021)-Boewer,R (2241) Berlin 2000}) 14... Bd7 15. b5 (15. g4 {feels hotter.} Qh4 16. h3 Qe7 17. Bf2 Rfc8 18. Ng3) 15... axb5 16. Nxb5 Nxb5 17. cxb5 Na5 18. a4 d5 19. Qd1 Bc8 20. Bd2 dxe4 21. dxe4 Nc4 22. Bc1 {[#]} Qxd1 $1 23. Rxd1 e5 24. fxe5 (24. Nc3 $15) 24... Bg4 $17 25. Bf1 Ra8 26. Bf4 Nxe5 ({But not} 26... Bxe5 27. Bxe5 Nxe5 28. Rd5 $17) 27. Rd5 Nc4 28. Rc1 {[#]} Nb2 $1 ({Much weaker is} 28... Rxa4 $6 29. Nc3 $11) 29. Nc3 Bd4+ $2 {[#]} (29... Nxa4 $17 {keeps the pressure on.} 30. Nxa4 Rxa4) 30. Rxd4 $1 $16 {[%mdl 512]} cxd4 31. Nd5 {Nf6+ is the strong threat.} Be6 {And now ...Bxd5 would win.} 32. Nxb6 Ra7 33. Be5 ({White should play} 33. Rb1 Nxa4 34. Nxa4 Rxa4 35. b6) 33... Nxa4 34. Ra1 Bb3 35. Bxd4 {aiming for Ra3.} Rd8 36. Be3 {[%mdl 1024] White has compensation.} Rd1 (36... Kg7 $14) 37. Ra3 ({White has to play} 37. Rxd1 $16 Bxd1 38. Nd5) 37... Bc2 38. Kf2 Rb1 39. e5 h5 40. Nd5 Rb7 41. Nf6+ Kf8 42. Bc4 Rb2 43. Ke1 R2xb5 44. Bxb5 Rxb5 45. Ra2 Bb3 46. Rd2 {White wants to mate with Rd8+.} Ke7 47. Rd7+ (47. Bf4 $11) 47... Ke6 $15 48. Bd4 Nc5 49. Rd6+ Kf5 50. Ke2 Ne6 51. Bc3 Rxe5+ 52. Bxe5 $2 ({Better is} 52. Kd2 $15) 52... Kxe5 $19 53. Rxe6+ $2 (53. Rd7 Kxf6 54. Ke3) 53... Bxe6 $15 {KB-KN. Black is clearly winning.} ({Not} 53... Kxe6 54. Ne4 $17) 54. Nh7 f6 55. Ke3 Bf5 56. h4 g5 {[%cal Bg6g5,Bg5g4][%mdl 32]} 57. Nf8 g4 {Precision: White = 37%, Black = 68%.} 0-1

[Event "EYCC Open U14 2018"]
[Site "Riga"]
[Date "2018.08.28"]
[Round "8"]
[White "Boyer, Mahel"]
[Black "Bjerre, Jonas Buhl"]
[Result "0-1"]
[WhiteElo "2189"]
[BlackElo "2423"]
[Annotator "TA"]
[PlyCount "64"]
[EventDate "2018.08.20"]
[EventType "swiss"]
[EventCountry "LAT"]
[SourceTitle "playchess.com"]
[Source "ChessBase"]
[SourceQuality "1"]

{[%evp 20,64,-8,-15,0,0,0,0,0,-26,-20,-22,-8,-20,-22,-56,-45,-55,-46,-72,-71,-84,-93,-89,-68,-152,-187,-154,-23,-30,-21,-31,-28,-21,-27,-29,-33,-140,-133,-458,-458,-2437,-2405,-2166,-2231,-2012,-476]} 1. d4 Nf6 2. c4 e6 3. Nf3 d5 4. Nc3 dxc4 5. e3 a6 6. Bxc4 b5 7. Be2 Bb7 8. O-O Nbd7 {D26: Queen's Gambit Accepted: 4 e3 e6 5 Bxc5 c5 sidelines} 9. b3 (9. Bd2 c5 10. Rc1 Rc8 11. dxc5 Bxc5 12. b4 Bd6 13. a4 bxa4 14. Nxa4 O-O 15. Rxc8 Qxc8 16. Bc3 {½-½ (58) Fedoseev,V (2731)-Grachev,B (2654) Sochi 2017}) 9... Be7 10. Bb2 O-O 11. Rc1 {LiveBook: 4 Games} Rc8 12. a4 b4 13. Nb1 c5 14. Nbd2 cxd4 15. Rxc8 $146 ({Predecessor:} 15. Nxd4) 15... Qxc8 16. Bxd4 Nd5 17. Bc4 Nc3 18. Qa1 Bf6 19. Bxf6 Nxf6 20. Nd4 e5 21. Ne2 {[#]} Qg4 $1 {[%csl Gb7][%cal Rg4g2]} 22. f3 (22. Ng3 $15) 22... Qg5 $17 23. Kf2 Rd8 (23... Qh4+ $17 24. Kg1 Rd8 25. Nxc3 Rxd2) 24. Nxc3 $11 Rxd2+ 25. Ne2 e4 {Hoping for ...exf3.} 26. Qc1 {[#]} exf3 $1 {[%mdl 512]} 27. gxf3 Rd6 28. Rd1 ({Better is} 28. Ng3 $1 $15) 28... Qh4+ $40 {[%mdl 128] Black goes for the king.} 29. Kg1 $2 {[%mdl 8192] [#]} (29. Kf1 $17 {nothing else works.} Ne8 30. Rxd6 Nxd6 31. Bd3) 29... Ng4 $1 $19 {[%mdl 512] Black is clearly winning.} 30. Bxf7+ (30. fxg4 $142 Qxg4+ 31. Kf2 Qg2+ 32. Ke1 Qh1+ 33. Ng1 Qxg1+ 34. Bf1 Rxd1+ 35. Qxd1 Qxe3+ 36. Qe2 Qc3+ 37. Qd2) 30... Kf8 31. fxg4 Qxg4+ 32. Kf2 Qg2+ {Precision: White = 35%, Black = 71%.} 0-1

[Event "EYCC Open U14 2018"]
[Site "Riga"]
[Date "2018.08.28"]
[Round "8"]
[White "Munshi, Aditya"]
[Black "Larkin, Vladislav"]
[Result "0-1"]
[WhiteElo "2018"]
[BlackElo "2212"]
[Annotator "TA"]
[PlyCount "90"]
[EventDate "2018.08.20"]
[EventType "swiss"]
[EventCountry "LAT"]
[SourceTitle "playchess.com"]
[Source "ChessBase"]
[SourceQuality "1"]

{[%evp 14,90,0,0,120,113,131,115,112,81,75,0,77,67,125,64,74,67,78,29,19,27,45,15,20,18,21,20,32,23,31,13,31,-12,0,-6,0,-29,-23,-46,-3,-22,0,-15,-6,-46,187,0,0,-18,52,35,43,-76,-68,-79,-75,-68,-60,-256,-257,-262,-257,-344,-342,-337,-318,-619,-622,-994,-517,-1152,-1139,-1951,-1921,-1883,-1806,-1639,-1573]} 1. e4 c5 2. Nf3 d6 3. Bb5+ Bd7 4. Bxd7+ Qxd7 5. c4 Nc6 6. d4 Qg4 7. d5 {B52: Sicilian: Moscow Variation with 3...Bd7} Qxe4+ 8. Be3 {[#] LiveBook: 10 Games. Black must now prevent Qa4.} Nb4 (8... Nd4 $1 $11 {[%mdl 512]}) 9. Qa4+ $16 {[%mdl 1024] White is better. White has strong compensation.} Kd8 {[#]} 10. O-O $1 Qc2 11. Qb5 Qf5 12. Qa4 $146 ({White should try} 12. Qxb7 $16 Qc8 13. Qxc8+ Kxc8 14. Nc3) ({Predecessor:} 12. Qxb7 Qc8 13. Qxc8+ Kxc8 14. Ng5 Nh6 {1-0 (41) Makarichev,S (2495)-Tseshkovsky,V (2595) Vilnius (Lithuania) 1980}) 12... h6 (12... Qc2 $1 $11 {keeps the balance.} 13. Qb5 b6) 13. Nc3 Qd7 (13... g5 $14) 14. Qd1 ({Better is} 14. Nb5 $16) 14... g5 $14 15. a3 Na6 16. Nd2 Bg7 17. Qc2 Nf6 18. f3 Rc8 19. Rab1 Ke8 {[%cal Bd8e8,Be8f8,Bf8g7,Bg7h8][%mdl 32]} 20. b4 b6 21. b5 Nc7 22. a4 Kf8 23. Rfd1 Nh5 24. a5 Be5 25. Kh1 Kg7 26. Ra1 f5 27. Ra3 Rhg8 28. Bf2 Kh8 29. g3 Bd4 $2 {[#]} (29... Rg7 $15) 30. Nf1 $2 ({Only move:} 30. axb6 $1 $18 axb6 31. Na4 Bxf2 32. Nxb6) 30... Bg7 $11 31. Ne2 g4 ({Black should play} 31... e6 $11) 32. f4 Nf6 33. Nd2 (33. Nc3 $14 {stays ahead.}) 33... e6 $17 34. dxe6 Qxe6 35. Re3 Qd7 36. Nb3 $2 (36. Nc3 $15) 36... d5 $19 37. axb6 axb6 38. cxd5 {White hopes to continue with Nc3.} Ncxd5 39. Re5 Qxb5 {...Rgd8 is the strong threat.} 40. Rxf5 $2 (40. Kg1 Rcd8 41. Be1) 40... Nb4 {Black is clearly winning.} 41. Qd2 Qc4 42. Qe3 (42. Rxf6 $142 Bxf6 43. f5 Qe4+ 44. Kg1) 42... Qc2 43. Rxf6 Qxd1+ 44. Kg2 Qd5+ 45. Kg1 Bxf6 {Precision: White = 34%, Black = 53%.} 0-1

[Event "EYCC Open U14 2018"]
[Site "Riga"]
[Date "2018.08.29"]
[Round "9"]
[White "Tsoi, Dmitry"]
[Black "Larkin, Vladislav"]
[Result "1-0"]
[WhiteElo "2393"]
[BlackElo "2212"]
[Annotator "TA"]
[PlyCount "111"]
[EventDate "2018.08.20"]
[EventType "swiss"]
[EventCountry "LAT"]
[SourceTitle "playchess.com"]
[Source "ChessBase"]
[SourceQuality "1"]

{[%evp 15,111,-9,29,-18,20,27,25,0,0,0,0,0,3,0,8,0,8,0,0,0,0,0,17,0,9,12,65,60,56,62,68,34,37,19,45,14,14,14,19,22,16,33,15,4,17,0,0,0,0,0,0,0,4,0,0,0,28,22,65,63,58,27,39,23,31,17,16,8,46,17,24,20,33,0,69,66,205,207,203,149,165,92,92,92,92,92,92,76,92,10,120,92,95,94,99,92,605,361]} 1. c4 c6 2. Nf3 d5 3. e3 Nf6 4. Nc3 e6 5. b3 Nbd7 6. Bb2 Bd6 7. Be2 {A11: English Opening: 1...c6} (7. Qc2 a6 8. d4 O-O 9. Bd3 e5 10. cxd5 cxd5 11. dxe5 Nxe5 12. Nxe5 Bxe5 13. Ne2 Qd6 14. Bxe5 Qxe5 15. Qc3 Qd6 16. f3 Bd7 17. Kf2 {1-0 (34) Wei,Y (2734)-Wang,H (2710) Tianjin 2018}) 7... a6 8. O-O O-O {LiveBook: 8 Games} 9. Rc1 {White has an edge.} Re8 10. d4 b5 11. cxd5 $146 ({Predecessor:} 11. Bd3 Qa5 12. Qc2 e5 13. dxe5 Nxe5 14. Nxe5 Bxe5 15. h3 Be6 {1-0 (63) Syrjanen,J-Liitiainen,E (2108) Vantaa 2001}) 11... cxd5 12. Rc2 Bb7 13. Qb1 Qb8 14. h3 Ne4 15. Qa1 f6 16. Rfc1 Nxc3 17. Rxc3 b4 18. R3c2 Qd8 19. Bd3 g6 20. a3 Qb6 (20... a5 $11) 21. axb4 $14 Bxb4 22. Qa4 Nf8 23. Nh2 Rec8 24. h4 Kf7 25. h5 (25. g4 {is more complex.} Rxc2 26. Rxc2 Rc8 27. Rxc8 Bxc8 28. Nf3) 25... Rxc2 26. Rxc2 Rc8 27. hxg6+ hxg6 28. Rxc8 Bxc8 29. Qa1 Bd6 30. Qd1 a5 31. Qc2 Bd7 32. Nf3 Bb5 {Hoping for ...Bxd3.} 33. Ne1 Bc6 34. Bf1 Nd7 35. g3 Qc7 36. Bc3 Nb8 37. Bd3 f5 38. Kg2 Bd7 39. Qd2 Nc6 40. Nf3 Qb6 41. Qd1 Ke7 42. Bc2 Kd8 43. Qh1 $36 {[%mdl 2048] White has the initiative.} Kc7 44. Qh7 Ne7 (44... Qb5 $11) 45. Ng5 Bb4 (45... Qb5 $14) 46. Bxb4 $18 Qxb4 47. Qf7 Qd6 48. Bd3 ({White should try} 48. Nf3 $18) 48... e5 $16 49. dxe5 Qxe5 50. Nf3 Qe6 51. Qg7 Nc6 52. Bb5 (52. Kf1 $16) 52... Kb6 (52... d4 $11 {keeps the balance.}) 53. Bxc6 Bxc6 54. Nd4 Qd6 55. Kh3 Bb5 $2 {[%mdl 8192] [#]} (55... Bb7 $16 56. Kg2 Ba6) 56. Qa7+ $1 {[%mdl 512] Precision: White = 44%, Black = 39%.} 1-0